River Ecology and Management: Lessons from the Pacific Coastal Ecoregion (Record no. 533701)
[ view plain ]
| 000 -LEADER | |
|---|---|
| fixed length control field | 00393nam a22001337a 4500 |
| 020 ## - INTERNATIONAL STANDARD BOOK NUMBER | |
| International Standard Book Number | 978-0387983233 |
| 040 ## - CATALOGING SOURCE | |
| Transcribing agency | MSOHAIL |
| 082 ## - DEWEY DECIMAL CLASSIFICATION NUMBER | |
| Classification number | 577.640979 |
| Author Mark | NAI |
| 100 ## - MAIN ENTRY--PERSONAL NAME | |
| Personal name | S. Kantor ; Robert J. Naiman ; Robert E. Bilby |
| 9 (RLIN) | 27662 |
| 245 ## - TITLE STATEMENT | |
| Title | River Ecology and Management: Lessons from the Pacific Coastal Ecoregion |
| 260 ## - PUBLICATION, DISTRIBUTION, ETC. | |
| Place of publication, distribution, etc. | London |
| Name of publisher, distributor, etc. | Springer |
| Date of publication, distribution, etc. | c1998 |
| 300 ## - PHYSICAL DESCRIPTION | |
| Extent | 705;p;xv |
| 942 ## - ADDED ENTRY ELEMENTS (KOHA) | |
| Source of classification or shelving scheme | |
| Koha item type | Book |
| Withdrawn status | Lost status | Source of classification or shelving scheme | Damaged status | Not for loan | Permanent Location | Current Location | Date acquired | Total Checkouts | Full call number | Barcode | Date last seen | Price effective from | Koha item type |
|---|---|---|---|---|---|---|---|---|---|---|---|---|---|
| School of Civil and Environmental Engineering (SCEE) | School of Civil and Environmental Engineering (SCEE) | 01/16/2020 | 577.640979 NAI | NIT-13088 | 01/16/2020 | 01/16/2020 | Book |
